Subdivisions Revealing Subdivisions - Statistics

General Stats
  • This quiz has been taken 2,247 times
  • The average score is 13 of 34
Answers on the Map
Answers color-coded by a green-red scale on the quiz's map according to % correct below.
 
Answer Stats
Answer % Correct
Michigan
90%
British Columbia
87%
Wyoming
87%
Puerto Rico
83%
Wales
80%
Queensland
77%
Saskatchewan
63%
Canary Islands
62%
Northern Territory
62%
Bavaria
57%
Faroe Islands
56%
Kaliningrad Oblast
52%
Gibraltar
45%
Catalonia
43%
Tibet
43%
Istanbul
33%
Normandy
33%
Tuscany
32%
Baja California
31%
Greater London
29%
Liguria
28%
Rio Grande do Sul
24%
Nouvelle Aquitaine
21%
Bermuda
19%
Southern District
17%
Gujarat
16%
Northern Cape
13%
Abkhazia
11%
Chittagong
10%
Shandong
10%
Murmansk
8%
Gozo
5%
Republika Srpska
5%
Luhansk
4%
No matching quizzes found
Score Distribution
Percent of People with Each Score
Percentile by Number Answered
Your Score History
You have not taken this quiz